Responses for Show #8778 - Wednesday, January 4, 2023

Contestants

[<< previous game]

Sarah Palmer, an executive assistant from Monterey, California

Francis Englert, a line cook from Scotch Plains, New Jersey

Lloyd Sy, a graduate student in literature originally from Rockford, Illinois (whose 1-day cash winnings total $24,490)

[next game >>]

Jeopardy! Round responses

ON YOUR STATE'S LEFT
BUY, & LARGE
SURNAMES
THE ACTORS IN THAT MOVIE
START "OFF"
WRITE FOOT
    $200 30
Illinois

Lloyd
    $200 29
Bank of America

Lloyd
    $200 28
Miller

Lloyd
    $200 24
A Quiet Place

Francis
    $200 20
off-road

Lloyd
    $200 27
Dr. Seuss

Lloyd
    $400 25
New Hampshire

Lloyd
    $400 26
Heinz

Lloyd
    $400 21
Brown

Francis
    $400 5
Groundhog Day

Francis
    $400 19
offhand

Francis
    $400 23
Cinderella

Sarah
    $600 16
Mississippi

Francis
    $600 7
Verizon

Lloyd
    $600 15
Singh

Lloyd
    $600 4
Face/Off

Sarah
    $600 14
Off-Off-Broadway

Lloyd
    $600 22
the Wicked Witch of the East

Francis
    $800 8
Minnesota

Lloyd
    $800 6
Microsoft

Francis
    $800 11
Mather

Lloyd
    $800 2
A Marriage Story

Sarah
    $800 13
officiant

Francis
    $800 17
Achilles

Sarah
    $1000 9
Montana

Sarah
    $1000 1
Kroger's

Francis
    $2,400 10
(Sarah: What is Schwartz?)

Schmidt

Sarah
    $1000 3
In Bruges

Lloyd
    $1000 12
offal

Sarah
    $1000 18
My Left Foot

Francis

Scores at the first commercial break (after clue 15):

Lloyd Francis Sarah
$4,400 $3,000 $1,000

Scores at the end of the Jeopardy! Round:

Lloyd Francis Sarah
$6,200 $6,200 $2,200

Double Jeopardy! Round responses

TRANSPORTATION
THE NATIONAL PAST TIME
TV THEME SONGS
(Ken: You'll name the series.)
THE SILENT TYPE
JUST A LITTLE NUCLEAR PHYSICS
OH MY GODS!
    $400 25
rudders

Francis
    $400 30
the Galápagos

Francis
    $400 26
Friends

Lloyd
    $400 28
mum

Francis
    $400 29
nuclear fusion

Sarah
    $400 21
rice

Francis
    $800 24
Boeing

Sarah
    $800 23
(Lloyd: What is Orange?)

Irish

Lloyd
Triple Stumper
    $800 8
The Muppet Show

Francis
    $800 10
Bashful

Francis
    $800 27
neutron

Francis
    $800 3
a chariot

Lloyd
    $1200 15
Alaska

Triple Stumper
    $4,000 7
the League of Nations

Lloyd
    $1200 6
The O.C.

Lloyd
    $1200 11
(Francis: What is deaf?)

mute

LloydFrancis
    $1200 20
gamma rays

Sarah
    $2,000 1
the Titans

Sarah
    $1600 16
Milwaukee

Lloyd
    $1600 14
Mexico

Lloyd
    $1600 5
(Ken: That's right, you're from New Jersey.)

The Sopranos

Francis
    $1600 12
(Ken: From Laconia, you're correct.)

laconic

Francis
    $1600 19
Rutherford

Francis
    $1600 2
(Francis: Who are the Incans?)

the Mayans

FrancisSarah
    $2000 17
Louis Chevrolet

Triple Stumper
    $2000 22
Quisling

Francis
    $2000 4
Community

Lloyd
    $2000 13
reticent

Lloyd
    $2000 18
strange

Lloyd
    $2000 9
(Lloyd: Who's Moloch?)

Baal

Lloyd
Triple Stumper

Scores at the end of the Double Jeopardy! Round:

Lloyd Francis Sarah
$20,200 $14,200 $8,200

[wagering suggestions for these scores]

Final Jeopardy! Round responses

CONTINENTAL GEOGRAPHY
(Ken: [To Francis and Sarah] You're both thinking about Eurasia.)
...
(Ken: [To Lloyd] Yes, the correct response was in the Americas; 1903 is when Panama seceded with a little help from its neighbors to the north who wanted to put a canal there.)
SarahWhat is Turkey?
$2,201
FrancisWhat is Russia?
$6,000
LloydWhat is Colombia?
$8,888
Colombia

Final scores:

Lloyd Francis Sarah
$29,088 $8,200 $5,999
2-day champion: $53,578 2nd place: $2,000 3rd place: $1,000

Game dynamics:

Coryat scores:

Lloyd Francis Sarah
$17,400 $14,200 $9,800
23 R
(including 1 DD),
2 W
21 R,
2 W
11 R
(including 1 DD),
1 W
(including 1 DD)

Combined Coryat: $41,400

[game clues] [game scores] [suggest correction]

Game tape date: 2022-11-14
The J! Archive is created by fans, for fans. Scraping, republication, monetization, and malicious use prohibited; this site may use cookies and collect identifying information. See terms. The Jeopardy! game show and all elements thereof, including but not limited to copyright and trademark thereto, are the property of Jeopardy Productions, Inc. and are protected under law. This website is not affiliated with, sponsored by, or operated by Jeopardy Productions, Inc. Join the discussion at JBoard.tv.